Easy Capitals - Statistics

General Stats
  • This quiz has been taken 58 times
  • The average score is 15 of 20
Answer Stats
Country Capital % Correct
Australia Canberra
100%
South Africa Pretoria / Cape Town / Bloemfontein
100%
Italy Rome
100%
Japan Tokyo
94%
Vatican City Vatican City
94%
Brazil Brasília
93%
Denmark Copenhagen
92%
South Korea Seoul
92%
United States Washington D.C.
92%
Hungary Budapest
91%
Finland Helsinki
90%
Poland Warsaw
89%
Greece Athens
88%
Germany Berlin
88%
Sweden Stockholm
87%
Netherlands Amsterdam
86%
China Beijing
86%
Egypt Cairo
86%
Portugal Lisbon
86%
France Paris
85%
Singapore Singapore
85%
Ukraine Kyiv
83%
United Kingdom London
83%
Chile Santiago
83%
Canada Ottawa
82%
Thailand Bangkok
80%
Switzerland Bern
80%
Colombia Bogotá
80%
Indonesia Jakarta
80%
Mexico Mexico City
80%
India New Delhi
80%
Ireland Dublin
79%
Monaco Monaco
77%
Bosnia and Herzegovina Sarajevo
77%
Turkey Ankara
75%
Belgium Brussels
75%
Philippines Manila
75%
Spain Madrid
73%
Belarus Minsk
73%
San Marino San Marino
73%
Czech Republic Prague
72%
Jamaica Kingston
70%
Iceland Reykjavík
70%
New Zealand Wellington
70%
Andorra Andorra la Vella
69%
Argentina Buenos Aires
69%
Bulgaria Sofia
69%
Russia Moscow
67%
Austria Vienna
67%
Croatia Zagreb
63%
Cuba Havana
62%
Israel Jerusalem
62%
Albania Tirana
62%
Luxembourg Luxembourg
60%
Iran Tehran
60%
Iraq Baghdad
57%
Norway Oslo
57%
Panama Panama City
56%
North Korea Pyongyang
55%
Peru Lima
54%
Romania Bucharest
53%
United Arab Emirates Abu Dhabi
50%
Serbia Belgrade
47%
Afghanistan Kabul
47%
Latvia Riga
42%
Estonia Tallinn
33%
No matching quizzes found
Score Distribution
Percent of People with Each Score
Percentile by Number Answered
Your Score History
You have not taken this quiz